| 000 | 00837cab a2200241 4500 | ||
|---|---|---|---|
| 001 | WB3502-03 | ||
| 008 | 090401t1999 xxu||||| |||| 00| 0 eng d | ||
| 035 | _a(Sirsi) u90701 | ||
| 041 | _aeng | ||
| 245 | _aMillennium will match 1990 boom | ||
| 260 | _c1999 | ||
| 350 | _a0 | ||
| 490 |
_aContract Journal _v397(6028) 13 January 1999, 2(1) |
||
| 520 | _aWhilst Construction Forecasting and Research predicts that construction output will match the 1990 peak in the year 2000, Cambridge Econometrics and Building Material Producers and the Construction Confederation all forecast lower rates of growth with a possible recession. | ||
| 650 | _aCONSTRUCTION MARKET | ||
| 650 | _aFORECASTS | ||
| 650 | _aGROWTH | ||
| 650 | _aOUTPUT | ||
| 650 | _aRECESSION | ||
| 690 | _aBUILT ENVIRONMENT | ||
| 942 | _n0 | ||
| 948 | _c14/01/1999 | ||
| 999 |
_c57518 _d57518 |
||